Geschichte der Russischen Orthodoxen Kirche im Ausland von der Gründung bis in die Gegenwart (Titelsatznr. 40990)
[ MARC ]
| 000 -Satzkennung | |
|---|---|
| Kontrollfeld mit fester Länge | 00950nam a22002651c 4500 |
| 001 - Kontrollnummer | |
| Kontrollfeld | 00002516764 |
| 003 - Kontrollnummer Identifier | |
| Kontrollfeld | RU-10907106 |
| 005 - Datum und Zeit der letzten Transaktion | |
| Kontrollfeld | 20220623170222.0 |
| 008 - Feld mit fester Länge zur physischen Beschreibung - Allgemeine Angaben | |
| Kontrollfeld mit fester Länge | 050919s1983 gw |||| 000u ger d |
| 020 ## - Internationale Standardbuchnummer | |
| Internationale Standardbuchnummer | 344702352x |
| Verknüpfung | 3-447-02352-x |
| 040 ## - Katalogisierungsquelle | |
| Übertragungsstelle | RU-10907106 |
| Original-Katalogisierungsstelle | RU-10907106 |
| Katalogisierungssprache | ger |
| 041 ## - Sprachcode | |
| Sprachcode des Textes/der Tonspur oder des separaten Titels | ger |
| 100 1# - Haupteintragung - Personenname | |
| Personenname | Seide, Georg |
| Koha-Normdatenidentnummer | 7658 |
| 245 00 - Titel | |
| Titel | Geschichte der Russischen Orthodoxen Kirche im Ausland von der Gründung bis in die Gegenwart |
| 264 ## - Produktion, Veröffentlichung, Distribution, Herstellung und Urheberrechtsvermerk | |
| Herstellungs-, Veröffentlichungs- Vertriebs-, Erzeugungsort | Wiesbaden : |
| Produzent, Herausgeber, Distributor, Hersteller | Harrassowitz, |
| Datum der Herstellung, der Veröffentlichung, des Vertriebs oder des Urheberschutzvermerks | 1983 |
| 300 ## - Physische Beschreibung | |
| Umfang | XII, 476 S. |
| 336 ## - Inhaltstyp | |
| Inhaltstypterm | Text |
| Inhaltstypcode | txt |
| Quelle | rdacontent |
| 337 ## - Medientyp | |
| Bezeichnung des Medientyps | Computermedien |
| Medientypcode | c |
| Quelle | rdamedia |
| 338 ## - Datenträgertyp | |
| Datenträgertypbezeichnung | Online-Ressource |
| Datenträgertypcode | cr |
| Quelle | rdacarrier |
| 490 #0 - Gesamttitelangabe | |
| Gesamttitelangabe | Osteuropa-Institut <München>: Veröffentlichungen des ... / Reihe Geschichte |
| Bandnummer/Folgebezeichnung | 51 |
| 500 ## - Allgemeine Fußnote | |
| Allgemeine Fußnote | frei im Netz zugänglich |
| 700 1# - Nebeneintragung - Personenname | |
| Personenname | Hösch, Edgar |
| Funktionsbezeichnung | HerausgeberIn |
| Koha-Normdatenidentnummer | 7659 |
| 856 4# - Elektronische Adresse und Zugriff | |
| URL | <a href="http://nbn-resolving.de/urn/resolver.pl?urn=urn:nbn:de:bvb:12-bsb00042523-6">http://nbn-resolving.de/urn/resolver.pl?urn=urn:nbn:de:bvb:12-bsb00042523-6</a> |
| 942 ## - Zusätzliche Felder (Koha) | |
| Koha-Medientyp | E-Books |
| Klassifikation oder Aufstellungssystematik | Andere/Generische Klassifikation |
| Ausgeschieden | Verloren | Klassifikation oder Aufstellungssystematik | Beschädigt | Nicht entleihbar | Heimatbibliothek | Aufenthaltsbibliothek | Aufstellungsort | Erwerbungsdatum | Inventarnummer | Signatur | Barcode | Letzte Aktivität | Preis gültig von | Koha-Medientyp |
|---|---|---|---|---|---|---|---|---|---|---|---|---|---|---|
| Andere/Generische Klassifikation | MWN Osteuropa | MWN Osteuropa | Online-Ressource | 19/09/2005 | 07-05724 Digiodß Repß | E-19-e0provisorisch | R 60 l Sei (D) | 40994 | 18/03/2021 | 22/03/2021 | E-Books |